000 00864nam a2200253Ia 4500
003 OSt
005 20220918164905.0
006 a|||||r|||| 00| 0
007 ta
008 220917b |||||||| |||| 00| 0 eng d
020 _a080583446x (hbk)
_c4100.39
024 _a240,043
037 _b3606, 03/08/2009, Bharat Scientific Syndicate
_cTextual
040 _aARTS
_cARTS
_beng
041 _2eng
_aeng
082 _aO111:g(P), P2
100 _aGillespie Paula ...[et al] Ed.
_921509
245 0 _aWriting center research
_b Extending the conversation
260 _aNew Jersey
_bLawrence Erlbaum Associates, Publishers U.S.A
_c2002
300 _axxix, 265p.
_ccm.
650 _aENGLISH LITERATURE
942 _hO111:g(P), P2
_cTEXL
_2CC
999 _c127245
_d127245